01621nam a22002057a 4500003000400000005001700004008004100021020001800062040001200080082001000092100002600102245003000128260004000158300001100198520105300209650002001262942001101282952010301293999001901396OSt20260424155357.0260424b |||||||| |||| 00| 0 eng d a9788129137258 cAACR-II aOBR T aO'brien, Terry918937 a50 greatest short stories aNew DelhibRupa Publications c2015 a589 p. a50 Greatest Short Stories is a selection from the best of the world’s short fiction, bringing together writings by great masters of the genre. Carefully picked for their timeless quality, readers are sure to be delighted by the inclusion of such favourites as ‘The Gift of the Magi’, ‘The Lady with the Dog’, ‘The Curious Case of Benjamin Button’, ‘Rain’ and ‘Mrs Packletide’s Tiger’, to name but a few. This outstanding and wide-ranging anthology of stories is a collector’s item, designed for readers to refresh their acquaintance with some of the world’s finest writing and for newer readers to be introduced to it. Anton Chekov, Charles Dickens, Katherine Mansfield, Guy de Maupassant, F. Scott Fitzgerald, H. Rider Haggard, O. Henry, Rudyard Kipling, W.W. Jacobs, Virginia Woolf, D.H. Lawrence, Saki, Jerome K. Jerome, H.G. Wells, Kate Chopin, Ambrose Bierce, Jack London, Frank Stockton, Edgar Allan Poe, Stephen Leacock, James Joyce, Bram Stoker, Joseph Conrad, M. R. James, W. Somerset Maugham, R. L. Stevenson.  aFiction 918938 2ddccB 00102ddc4070aLBSNAAbLBSNAAd2026-04-24g395.00l0oOBR Tp185951r2026-04-24w2026-04-24yBA c360781d360781